00521nam a2200169Ia 4500008004100000020001500041020001800056040001800074041000800092100003100100245005800131260003900189300001800228600006000246650001700306650002800323130821s2009 ck gr dspa  a9584222139 a9789584222138 aCo-BoUCMbspa aspa1 aCortés Arevalo, Fernando13aEl asesinato de GaláncFernando Cortés Arévalo. aBogotá (Colombia)bPlanetac2009 a269 páginas14aGalán Sarmiento, Luis Carlosd1943-1989vBiografías04aBiografías04aPolíticos colombianos